00514 2200193 4500001002100000005001500021035002000036245004600056100001600102300002300118260004400141082001200185084001800197020002200215008004100237650002000278990001100298990001100309INLIS00000000000142820240829021857 a0010-11220000441 aSebab Perasaan Bukan Tuhan /cKeni Rahayu0 aKeni Rahayu avii, 150 hlm ;c21 aJakarta :bElex Media Komputindo,c2022 a297.261 a297.261 KEN s a978-623-00-3505-0240829 0  4aPsikologi Islam a002612 a002613